| 000 | 00000cas 2200000zi 4500 |
| 001 | 9.859676 |
| 003 | CaOODSP |
| 005 | 20251121152532 |
| 006 | m go d f |
| 007 | cr ||||||||||| |
| 008 | 180727c20149999oncar p o f0###b0fre|d |
| 022 | |a2562-5942 |
| 040 | |aCaOODSP|bfre|cCaOODSP|erda |
| 043 | |an-cn--- |
| 086 | 1 |aHR2-9F-PDF |
| 110 | 2 |aCommission canadienne des droits de la personne. |
| 222 | 0|aRapport annuel. Loi sur l'accès à l'information |b(Commission canadienne des droits de la personnes) |
| 245 | 10|aRapport annuel. |pLoi sur l'accès à l'information. |
| 264 | 1|a[Ottawa] : |bCommission canadienne des droits de la personnes = Canadian Human Rights Commission, |c2014- |
| 310 | |aAnnuel |
| 336 | |atexte|btxt|2rdacontent/fre |
| 337 | |ainformatique|bc|2rdamedia/fre |
| 338 | |aressource en ligne|bcr|2rdacarrier/fre |
| 362 | 1 |aParaît depuis 1er avril 2013 au 31 mars 2014. |
| 500 | |aPublié aussi en anglais sous le titre : Annual report. Access to Information Act. |
| 692 | 07|2gccst|aAccès à l'information |
| 775 | 08|tAnnual report. |w(CaOODSP)9.859675 |